LEADER 01609nam a2200301 a 4500 001 000000110357 003 CaOOAMICUS 005 20080306100737.0 008 080306s2004 it 001 0 ita d 020 $a88-7917-122-4 040 $aPUG$bita$dmam$dPUL$dLDB 100 1 $aToniolo, Ermanno M.,$cO.S.M.$0(OLS)http://pul/name/2378 245 13$aLa Beata Maria Vergine nel Concilio Vaticano II :$bcronistoria del capitolo VIII della Costituzione dogmatica "Lumen gentium" e sinossi di tutte le redazioni /$cErmanno M. Toniolo. 260 $aRoma :$bCentro di cultura mariana "Madre della Chiesa",$c2004. 300 $a453 p. ;$c24 cm. 504 $aContiene riferimenti bibliografici e indici. 611 24$aConcilium Vaticanum$n(2 :$d1962-1965)$tLumen gentium.$0(OLS)http://pul/subject/23276 650 14$aMariologia.$0(OLS)http://pul/subject/28018 850 $aPUL 852 $aPUL$W1$xSL Religione 3$y85$m232. 91 TONER 1$j126417$qDDC 21$B125141$CPULBib$Z2$F125141 $H100947 $82 941 1 $a9 960 $aMaria Virgo,$cs.$928018 960 $aMaria Virgo,$cs.$928018 960 $aConcilium Vaticanum$n(2 :$d1962-1965)$tConstitutio dogmatica de Ecclesia$923276 960 $aLumen gentium$923276 996 $6020$a88-7917-122-4$9(OLS)http://pul/number/137373 996 $6245$aLa Beata Maria Vergine nel Concilio Vaticano II :$bcronistoria del capitolo VIII della Costituzione dogmatica "Lumen gentium" e sinossi di tutte le redazioni$9(OLS)http://pul/title/138760 996 $6260$aRoma :$bCentro di cultura mariana "Madre della Chiesa"$9(OLS)http://pul/publisher/70332 LEADER 01325nam a2200325 u 4500 001 000000049753 003 CaOOAMICUS 005 20070226115139.0 008 000710s1999 it u000 u ita u 020 $a8834890957 035 $a10851979 040 $aPUL$bita 100 1 $aClarizia, Renato$b1950-$0(OLS)http://pul/name/29220 245 12$aI contratti nuovi :$bfactoring, locazione finanziaria /$cRenato Clarizia. 260 $aTorino :$bG. Giappichelli,$cc1999. 300 $aviii, 238 p. ;$c25 cm 490 1 $aTrattato di diritto privato ;$v13 500 $aContiene indici. 504 $aBibliografia in nota. 650 0$aFactoring (Finance)$zItaly.$2//eng$0(OLS)http://pul/subject/20919 650 4$aContratti.$0(OLS)http://pul/subject/3380 830 0$aTrattato di diritto privato (G. Giappichelli) ;$v13.$0(OLS)http://pul/title/66320 850 $aPUL 852 $aPUL$W1$xSL Diritto e Scienze Sociali 1$y4$m172 M 15$j66052$nBK-PRI$b $qStampati$B66052$CPULBib$Z2$F66052 $81 941 1 $a8 960 $aDiritto contrattuale$93380 961 $aINV: 82151 996 $6020$a8834890957$9(OLS)http://pul/number/62925 996 $6245$aI contratti nuovi :$bfactoring, locazione finanziaria$9(OLS)http://pul/title/67041 996 $6260$aTorino :$bG. Giappichelli$9(OLS)http://pul/publisher/49130